One hundred best sermons for special days and occasions: (Record no. 12024)

000 -LEADER
fixed length control field 00688nam a2200193 a 4500
001 - CONTROL NUMBER
control field :::00009826$&:&@@
003 - CONTROL NUMBER IDENTIFIER
control field OkBaRHE
005 - DATE AND TIME OF LATEST TRANSACTION
control field 20000607103353.0
008 - FIXED-LENGTH DATA ELEMENTS--GENERAL INFORMATION
fixed length control field s1923 j 000 0 eng u
040 ## - CATALOGING SOURCE
Transcribing agency
100 1# - MAIN ENTRY--PERSONAL NAME
Personal name Hallock, Gerard Benjamin Fleet, 1856-
245 10 - TITLE STATEMENT
Title One hundred best sermons for special days and occasions:
Remainder of title with accompanying cyclopedia of choice illustrations.
260 ## - PUBLICATION, DISTRIBUTION, ETC. (IMPRINT)
Place of publication, distribution, etc Cleveland, OH., :
Name of publisher, distributor, etc F. M. Barton, Publisher
Date of publication, distribution, etc c1923
300 ## - PHYSICAL DESCRIPTION
Extent 552 p. ;
Dimensions 24 cm.
650 ## - SUBJECT ADDED ENTRY--TOPICAL TERM
Topical term or geographic name as entry element Homiletical Illustrations
650 ## - SUBJECT ADDED ENTRY--TOPICAL TERM
Topical term or geographic name as entry element Sermons, English
942 ## - ADDED ENTRY ELEMENTS (KOHA)
Source of classification or shelving scheme
Koha item type Books
Copies
Source of classification or shelving scheme Koha item type Withdrawn status Not for loan Shelving location Full call number Price effective from Date acquired Damaged status Copy number Lost status Date last seen Permanent Location Barcode
 Books  General StacksBV 4241 .H32010-04-142010-04-14 1 2010-04-14RHEMA Bible Training College9826